Billie Eilish songs - Statistics

General Stats
  • This quiz has been taken 122 times
  • The average score is 12 of 14
Answer Stats
Answer % Correct
!!!!!!!
99%
bad guy
92%
i love you
90%
bury a friend
89%
xanny
88%
you should see me in a crown
86%
goodbye
85%
ilomilo
84%
all the good girls go to hell
83%
when the party's over
81%
8
80%
listen before i go
76%
my strange addiction
75%
wish you were gay
75%
No matching quizzes found
Score Distribution
Percent of People with Each Score
Percentile by Number Answered
Your Score History
You have not taken this quiz